Cavs Records - Offensive Rebounds - Statistics

General Stats
  • This quiz has been taken 17 times
    11 since last reset
  • The average score is 4 of 10
Answer Stats
Rank No. Total Offensive Rebounds Answer % Correct
10 1,034 LeBron James
90%
2 2,115 Tristan Thompson
80%
7 1,067 Larry Nance
70%
1 2,336 Zydrunas Ilgauskas
60%
4 1,486 Anderson Varejao
40%
6 1,207 Brad Daugherty
40%
3 1,620 John "Hot Rod" Williams
40%
5 1,292 Jim Brewer
0%
9 1,040 Jim Chones
0%
8 1,051 Phil Hubbard
0%
No matching quizzes found
Score Distribution
Percent of People with Each Score
Percentile by Number Answered
Your Score History
You have not taken this quiz since the last reset